| 000 | 00391nam a22001337a 4500 | ||
|---|---|---|---|
| 020 | _a0072400722 | ||
| 082 |
_222 _a658.45 |
||
| 100 | _aAdler ronald B and elmhorst, teanne marqu aralt, | ||
| 245 | _aCommunicating at work / | ||
| 250 | _a7th | ||
| 260 |
_aMc Graw Hill higher education, _bMc Graw Hill higher education, _cc2002 |
||
| 300 |
_axxvi, 533 p, ; _bNA _c24cm. |
||
| 942 |
_2ddc _cGEN _01 |
||
| 999 |
_c3534 _d3534 |
||